[Event "España ch sub-14 2009"]
[Site "Granada ESP"]
[Date "2009.07.09"]
[Round "5.5"]
[White "Ladron De Guevara Pinto, Paolo"]
[Black "Tallo Dominguez, Imar"]
[Result "1/2-1/2"]
[WhiteElo "2020"]
[BlackElo "2124"]
[PlyCount "97"]
[EventDate "2009.07.07"]
[EventType "swiss"]
[EventRounds "9"]
[EventCountry "ESP"]
[Source "lmi"]
[SourceDate "2009.07.07"]

1. e4 c5 2. Nc3 e6 3. Nf3 a6 4. g3 b5 5. Bg2 Bb7 6. d3 b4 7. Ne2 d5 8. exd5
Bxd5 9. O-O Nf6 10. Nf4 Bb7 11. Qe2 Be7 12. b3 Qb6 13. Bb2 O-O 14. h3 Nbd7 15.
Ne5 Bxg2 16. Nxg2 Qc7 17. Nc4 Nd5 18. Ne5 Bf6 19. f4 a5 20. Ne3 Nxe3 21. Qxe3
a4 22. Nc4 Bxb2 23. Nxb2 Nb6 24. Qe4 Rfd8 25. Qf3 Ra7 26. Kh2 g6 27. h4 Rda8
28. Rac1 axb3 29. axb3 Ra2 30. Nd1 Nd5 31. Ne3 Nxe3 32. Qxe3 Qd6 33. Rfe1 Rc8
34. Kh3 Kf8 35. Qe5 Qxe5 36. fxe5 Rd8 37. Kg4 Kg7 38. Kf4 Rd5 39. g4 f6 40.
exf6+ Kxf6 41. g5+ Ke7 42. Re4 Rf5+ 43. Kg3 Kd6 44. Kg2 Kd5 45. Kg3 Kd6 46. Kg2
Kd5 47. Kg3 Kd6 48. Kg2 Re5 49. Kf3 1/2-1/2

[Event "España ch sub-14 2009"]
[Site "Granada ESP"]
[Date "2009.07.09"]
[Round "5.6"]
[White "Rodriguez Ferraz, Borja"]
[Black "Sanchez Ibern, Marc"]
[Result "0-1"]
[WhiteElo "1996"]
[BlackElo "2289"]
[PlyCount "90"]
[EventDate "2009.07.07"]
[EventType "swiss"]
[EventRounds "9"]
[EventCountry "ESP"]
[Source "lmi"]
[SourceDate "2009.07.07"]

1. d4 Nf6 2. c4 g6 3. Nc3 d5 4. cxd5 Nxd5 5. e4 Nxc3 6. bxc3 Bg7 7. Be3 c5 8.
Qd2 cxd4 9. cxd4 Nc6 10. Rd1 O-O 11. Nf3 Bg4 12. Be2 a6 13. O-O Rc8 14. h3 Bxf3
15. Bxf3 e5 16. d5 Nd4 17. Bxd4 exd4 18. Rc1 Rc3 19. Qf4 Re8 20. Rb1 Be5 21.
Qd2 Qc7 22. Qb2 b5 23. Rbd1 Rb8 24. Rd2 b4 25. Bd1 a5 26. Ba4 h6 27. Rfd1 Qb6
28. Qb1 Qf6 29. g3 g5 30. Rd3 h5 31. Kg2 Kg7 32. Rg1 Qg6 33. Rf3 Rxf3 34. Kxf3
Rc8 35. Bc6 g4+ 36. hxg4 Qxg4+ 37. Kg2 h4 38. Qd3 Rh8 39. Kf1 hxg3 40. fxg3 Rh2
41. Rg2 Rh1+ 42. Kf2 Rc1 43. Qe2 Qg5 44. Bd7 d3 45. Qg4 Bd4+ 0-1

[Event "España ch sub-14 2009"]
[Site "Granada ESP"]
[Date "2009.07.09"]
[Round "5.7"]
[White "Pintor Munoz, Antonio"]
[Black "Martin Duque, Jesus"]
[Result "1-0"]
[WhiteElo "2278"]
[BlackElo "1930"]
[PlyCount "89"]
[EventDate "2009.07.07"]
[EventType "swiss"]
[EventRounds "9"]
[EventCountry "ESP"]
[Source "lmi"]
[SourceDate "2009.07.07"]

1. d4 d5 2. c4 e6 3. Nc3 Nf6 4. cxd5 exd5 5. Bg5 Be7 6. Qc2 O-O 7. e3 c6 8. Bd3
Nbd7 9. Nf3 Re8 10. O-O Nf8 11. h3 g6 12. Rab1 Ne6 13. Bh4 Ng7 14. b4 a6 15. a4
Bf5 16. Rfc1 Bxd3 17. Qxd3 Nf5 18. Bxf6 Bxf6 19. b5 a5 20. bxc6 bxc6 21. Ne2
Qd7 22. Qc3 Rec8 23. Rb6 Ne7 24. Nf4 Bg7 25. Nd3 Qc7 26. Rcb1 Nf5 27. Rb7 Qd8
28. Nfe5 Nd6 29. Rd7 Qf6 30. Qc2 Rd8 31. Qxc6 Rac8 32. Qxd5 Rxd7 33. Nxd7 Qe7
34. N7c5 Rd8 35. Nb7 Rb8 36. Ndc5 Nxb7 37. Rxb7 Rxb7 38. Qxb7 Qe8 39. Nd7 h6
40. Qb8 Qxb8 41. Nxb8 Bf8 42. Kf1 Bb4 43. Ke2 Kf8 44. Kd3 Ke8 45. Kc4 1-0

[Event "España ch sub-14 2009"]
[Site "Granada ESP"]
[Date "2009.07.09"]
[Round "5.8"]
[White "Suarez Garcia, Carlos"]
[Black "Nicolas Zapata, Javier"]
[Result "1/2-1/2"]
[WhiteElo "2122"]
[BlackElo "1913"]
[PlyCount "52"]
[EventDate "2009.07.07"]
[EventType "swiss"]
[EventRounds "9"]
[EventCountry "ESP"]
[Source "lmi"]
[SourceDate "2009.07.07"]

1. d4 Nf6 2. Nf3 g6 3. c4 Bg7 4. Nc3 O-O 5. e4 d6 6. Be2 Bg4 7. Be3 Nfd7 8. Qb3
Nc6 9. Rd1 e5 10. dxe5 Bxf3 11. Bxf3 Ndxe5 12. Be2 Qh4 13. h3 Na5 14. Qb5 b6
15. O-O a6 16. Qd5 c6 17. Qxd6 Nexc4 18. Bxc4 Nxc4 19. Qxc6 Rac8 20. Qb7 Nxb2
21. Nd5 Nxd1 22. Ne7+ Kh8 23. Nxc8 Nxe3 24. fxe3 Qg3 25. Nxb6 Be5 26. Nd7 Qxe3+
1/2-1/2

[Event "España ch sub-14 2009"]
[Site "Granada ESP"]
[Date "2009.07.09"]
[Round "5.9"]
[White "Bals Hernandez, Jordi"]
[Black "Meneses Gonzalez, Kevin Moises"]
[Result "1-0"]
[WhiteElo "1899"]
[BlackElo "2074"]
[PlyCount "53"]
[EventDate "2009.07.07"]
[EventType "swiss"]
[EventRounds "9"]
[EventCountry "ESP"]
[Source "lmi"]
[SourceDate "2009.07.07"]

1. d4 Nf6 2. c4 g6 3. Nc3 Bg7 4. e4 d6 5. f3 O-O 6. Be3 e5 7. d5 c6 8. Qd2 cxd5
9. cxd5 a6 10. h4 b5 11. O-O-O h5 12. Bh6 Nbd7 13. g4 Nc5 14. Nce2 Ncxe4 15.
fxe4 Nxe4 16. Qe3 Bxh6 17. Qxh6 Nf2 18. gxh5 Bf5 19. Bh3 Rc8+ 20. Nc3 Nxh3 21.
Nxh3 b4 22. Ng5 gxh5 23. Rhg1 Bg6 24. Ne6 Qf6 25. Rdf1 Qxf1+ 26. Rxf1 fxe6 27.
Qxg6+ 1-0

[Event "España ch sub-14 2009"]
[Site "Granada ESP"]
[Date "2009.07.09"]
[Round "5.10"]
[White "Ballester Llagaria, Luis Eduardo"]
[Black "Donado-Mazarron Gomez, Miguel"]
[Result "1-0"]
[WhiteElo "2067"]
[BlackElo "1883"]
[PlyCount "39"]
[EventDate "2009.07.07"]
[EventType "swiss"]
[EventRounds "9"]
[EventCountry "ESP"]
[Source "lmi"]
[SourceDate "2009.07.07"]

1. e4 c5 2. Nf3 d6 3. d4 cxd4 4. Nxd4 Nf6 5. Nc3 a6 6. Be3 e5 7. Nb3 Be6 8. Qd2
Nbd7 9. O-O-O b5 10. f4 Nb6 11. fxe5 Ng4 12. exd6 Ne5 13. Nc5 Nbc4 14. Bxc4
bxc4 15. Nxe6 fxe6 16. Qd4 Bxd6 17. Qxd6 Nd3+ 18. Rxd3 cxd3 19. Qxe6+ Qe7 20.
Qc6+ 1-0

[Event "España ch sub-14 2009"]
[Site "Granada ESP"]
[Date "2009.07.09"]
[Round "5.11"]
[White "Jareno Badenas, Aleix"]
[Black "Quintin Navarro, Alberto"]
[Result "0-1"]
[WhiteElo "1868"]
[BlackElo "2064"]
[PlyCount "92"]
[EventDate "2009.07.07"]
[EventType "swiss"]
[EventRounds "9"]
[EventCountry "ESP"]
[Source "lmi"]
[SourceDate "2009.07.07"]

1. e4 c5 2. c3 Nf6 3. e5 Nd5 4. d4 cxd4 5. cxd4 e6 6. Nf3 d6 7. Bc4 Nb6 8. Bb5+
Bd7 9. Bxd7+ N8xd7 10. O-O Be7 11. Nc3 O-O 12. Bf4 d5 13. Nd2 a6 14. Qg4 Re8
15. Rac1 Nf8 16. Be3 Ng6 17. g3 Bf8 18. Ne2 Rc8 19. Nf4 Nxf4 20. Bxf4 Qd7 21.
Qf3 Qa4 22. Qb3 Qxb3 23. Nxb3 Na4 24. Na5 b6 25. Nb7 Nxb2 26. Nd6 Bxd6 27. exd6
Rxc1 28. Rxc1 Nc4 29. Kf1 Rd8 30. Ke2 f6 31. g4 e5 32. dxe5 fxe5 33. Bg3 Rxd6
34. Kd3 g5 35. Re1 Re6 36. Kc3 Kf7 37. Rd1 Rd6 38. Re1 Kf6 39. h4 h6 40. hxg5+
hxg5 41. Rh1 b5 42. Rh6+ Ke7 43. Rh7+ Ke6 44. Rh6+ Kd7 45. Rh7+ Kc6 46. Rg7 d4+
0-1

[Event "España ch sub-14 2009"]
[Site "Granada ESP"]
[Date "2009.07.09"]
[Round "5.12"]
[White "Montoliu Cervero, Francisco"]
[Black "Garcia Del Campo, Efren"]
[Result "1-0"]
[WhiteElo "2063"]
[BlackElo "1849"]
[PlyCount "51"]
[EventDate "2009.07.07"]
[EventType "swiss"]
[EventRounds "9"]
[EventCountry "ESP"]
[Source "lmi"]
[SourceDate "2009.07.07"]

1. e4 c5 2. Nf3 e6 3. d4 cxd4 4. Nxd4 a6 5. Nc3 Qc7 6. Be3 Nf6 7. Qd2 Be7 8. f3
d6 9. O-O-O Nbd7 10. g4 Nc5 11. g5 Nfd7 12. Kb1 b5 13. h4 Bb7 14. Bd3 O-O-O 15.
Rc1 Nb6 16. Ncxb5 axb5 17. Nxb5 Qb8 18. Qa5 Ba8 19. b4 Ncd7 20. c4 Bc6 21. e5
Kb7 22. exd6 Bxd6 23. c5 Bc7 24. Nxc7 Qxc7 25. cxb6 Nxb6 26. Qxb6+ 1-0

[Event "España ch sub-14 2009"]
[Site "Granada ESP"]
[Date "2009.07.09"]
[Round "5.13"]
[White "Talavera Garcia, Santiago"]
[Black "Aranaz Murillo, Amalia"]
[Result "1/2-1/2"]
[WhiteElo "1833"]
[BlackElo "2061"]
[PlyCount "83"]
[EventDate "2009.07.07"]
[EventType "swiss"]
[EventRounds "9"]
[EventCountry "ESP"]
[Source "lmi"]
[SourceDate "2009.07.07"]

1. e4 c6 2. d4 d5 3. e5 c5 4. dxc5 e6 5. Be3 Nh6 6. c3 Nf5 7. Bd4 Nxd4 8. cxd4
b6 9. b4 a5 10. Bb5+ Bd7 11. Qa4 Bxb5 12. Qxb5+ Qd7 13. Qxb6 Nc6 14. b5 Nxd4
15. c6 Qa7 16. Qxa7 Rxa7 17. a4 Nc2+ 18. Ke2 Nxa1 19. b6 Bc5 20. bxa7 Bxa7 21.
Nf3 Nb3 22. Na3 Nc5 23. Rb1 Ke7 24. Rb5 Rb8 25. c7 Rc8 26. Rxa5 Bb6 27. Rb5 Ba7
28. Ra5 Bb6 29. Rb5 Nxa4 30. Rb4 Nc3+ 31. Kd3 Ba5 32. Kxc3 Rxc7+ 33. Kb3 Bxb4
34. Kxb4 Rc1 35. Nd4 Rh1 36. Nac2 Rxh2 37. Ne3 Rh1 38. Kc3 f6 39. f4 g5 40.
exf6+ Kxf6 41. fxg5+ Ke7 42. Nf3 1/2-1/2

[Event "España ch sub-14 2009"]
[Site "Granada ESP"]
[Date "2009.07.09"]
[Round "5.14"]
[White "Madurga Lopez, Ignacio"]
[Black "Tejedor Fuentes, Enrique"]
[Result "1/2-1/2"]
[WhiteElo "1816"]
[BlackElo "2004"]
[PlyCount "144"]
[EventDate "2009.07.07"]
[EventType "swiss"]
[EventRounds "9"]
[EventCountry "ESP"]
[Source "lmi"]
[SourceDate "2009.07.07"]

1. e4 e6 2. d4 d5 3. e5 c5 4. c3 Nc6 5. Nf3 Qb6 6. a3 cxd4 7. cxd4 Bd7 8. b4
Nge7 9. Bb2 Rc8 10. Nc3 Nf5 11. Na4 Qd8 12. Nc5 Bxc5 13. dxc5 O-O 14. Bd3 Nh4
15. O-O a6 16. Re1 Ng6 17. Nd4 Nf4 18. Nxc6 Bxc6 19. Bf1 Qg5 20. Bd4 Rfd8 21.
g3 Ng6 22. Bg2 Qe7 23. h4 Qe8 24. Qg4 Ne7 25. Rad1 Nf5 26. Qf4 Ba4 27. Rd2 h6
28. Bh3 Ne7 29. g4 Ng6 30. Qg3 Qe7 31. h5 Nf8 32. f4 Nh7 33. Rg2 Kh8 34. g5 Rg8
35. g6 Nf8 36. f5 exf5 37. Bxf5 Bd7 38. e6 Nxe6 39. Bxe6 Bxe6 40. gxf7 Qxf7 41.
Qg6 Qxg6 42. Rxg6 Bf5 43. Rxh6+ Bh7 44. Rhe6 Bf5 45. R6e5 Be4 46. Re7 Rce8 47.
Rxb7 Re6 48. Rf1 Kh7 49. Rff7 Kh6 50. Rb6 Rge8 51. Rxg7 Kxh5 52. Rf7 Rg8+ 53.
Rg7 Rxg7+ 54. Bxg7 Rxb6 55. cxb6 d4 56. Bxd4 Kg6 57. a4 Kf7 58. a5 Ke6 59. b5
Bb7 60. bxa6 Bxa6 61. Kf2 Kd7 62. Ke3 Kc6 63. Ke4 Kb7 64. Kd5 Be2 65. Kd6 Bf1
66. Kd7 Ba6 67. Kd8 Bc4 68. Be5 Bb5 69. Bc7 Ba6 70. Be5 Bb5 71. Bf4 Ba6 72. Bc7
Bb5 1/2-1/2

[Event "España ch sub-14 2009"]
[Site "Granada ESP"]
[Date "2009.07.09"]
[Round "5.15"]
[White "Calle Moreau, Sergio"]
[Black "Valero Gutierrez, Alvaro"]
[Result "0-1"]
[WhiteElo "1953"]
[BlackElo "1803"]
[PlyCount "96"]
[EventDate "2009.07.07"]
[EventType "swiss"]
[EventRounds "9"]
[EventCountry "ESP"]
[Source "lmi"]
[SourceDate "2009.07.07"]

1. e4 d6 2. d4 Nf6 3. Nc3 Nbd7 4. f4 e5 5. Nf3 exd4 6. Nxd4 c6 7. Be2 Qc7 8.
Be3 Nc5 9. Bf3 Be7 10. Qe2 Bd7 11. g4 h6 12. O-O-O b5 13. Rdg1 b4 14. Nd1 Nfxe4
15. Nf2 Nxf2 16. Bxf2 Ne6 17. Nf5 Bf6 18. Rd1 d5 19. Bc5 Qxf4+ 20. Kb1 Kd8 21.
Bd6 Qc4 22. Qxc4 dxc4 23. Bxb4 Rb8 24. Ba5+ Ke8 25. Nd6+ Ke7 26. Nxc4 Rhc8 27.
Rhe1 Be8 28. b3 Bd7 29. Nd6 Rh8 30. Nf5+ Ke8 31. Rd6 g6 32. Bxc6 Bxc6 33. Rxc6
gxf5 34. gxf5 Kd7 35. Rcxe6 fxe6 36. fxe6+ Ke7 37. c4 Rhc8 38. Bd2 Rxc4 39.
Bxh6 Rh4 40. Be3 Rxh2 41. Bc5+ Ke8 42. Rg1 Rh8 43. Bxa7 Ra8 44. Bc5 Ra6 45. b4
Rxe6 46. a4 Be7 47. Bxe7 Kxe7 48. b5 Rh4 0-1

[Event "España ch sub-14 2009"]
[Site "Granada ESP"]
[Date "2009.07.09"]
[Round "5.16"]
[White "Gonzalez Hernandez, Ferran"]
[Black "Ontanon Gomez, Pablo"]
[Result "1/2-1/2"]
[WhiteElo "1813"]
[BlackElo "1947"]
[PlyCount "97"]
[EventDate "2009.07.07"]
[EventType "swiss"]
[EventRounds "9"]
[EventCountry "ESP"]
[Source "lmi"]
[SourceDate "2009.07.07"]

1. e4 c5 2. Nf3 d6 3. d4 Nf6 4. Nc3 cxd4 5. Qxd4 Nc6 6. Bb5 Bd7 7. Bxc6 Bxc6 8.
Bg5 e6 9. O-O-O Be7 10. Rhe1 Qa5 11. Qd2 Rc8 12. Nd4 O-O 13. Nb3 Qb6 14. f4
Rfd8 15. f5 e5 16. Bxf6 Bxf6 17. Rh1 a5 18. g4 a4 19. g5 axb3 20. gxf6 bxa2 21.
Qg5 a1=Q+ 22. Kd2 Qf2+ 23. Ne2 Qa5+ 24. c3 Qxe2+ 25. Kxe2 Bb5+ 26. Kf3 Kf8 27.
Qxg7+ Ke8 28. Qg8+ Kd7 29. Qxf7+ Kc6 30. Qd5+ Kb6 31. Ra1 Ba4 32. Qa2 Ra8 33.
Qf7 Qb5 34. c4 Qb3+ 35. Kg4 Rg8+ 36. Kh4 h5 37. c5+ dxc5 38. Qxb3+ Bxb3 39.
Rxa8 Rxa8 40. Kxh5 Rg8 41. h4 Kc6 42. Kh6 Kd7 43. Rh3 Bf7 44. Rd3+ Kc6 45. Kh7
c4 46. Rd2 Kc7 47. Kh6 Kc6 48. Kh7 Kc7 49. Rd1 1/2-1/2

[Event "España ch sub-14 2009"]
[Site "Granada ESP"]
[Date "2009.07.10"]
[Round "6.1"]
[White "Alcaraz Ortega, Javier"]
[Black "Santos Latasa, Jaime"]
[Result "0-1"]
[WhiteElo "2241"]
[BlackElo "2256"]
[PlyCount "82"]
[EventDate "2009.07.07"]
[EventType "swiss"]
[EventRounds "9"]
[EventCountry "ESP"]
[Source "lmi"]
[SourceDate "2009.07.07"]

1. Nf3 g6 2. c4 Bg7 3. e4 e5 4. g3 Nc6 5. Bg2 Nge7 6. d3 d6 7. O-O O-O 8. Nc3
h6 9. Be3 Bg4 10. Qd2 Kh7 11. Nh4 g5 12. Nf3 Qd7 13. Ne1 Be6 14. Nc2 f5 15. f4
gxf4 16. gxf4 fxe4 17. Bxe4+ Bf5 18. Bg2 Bg6 19. Rae1 Nf5 20. Nd5 Rae8 21. Bf2
Nce7 22. fxe5 Nxd5 23. Bxd5 Bxe5 24. d4 Bf6 25. Rxe8 Rxe8 26. Re1 Rxe1+ 27.
Qxe1 Nxd4 28. Nxd4 Bxd4 29. Bxd4 Qg4+ 30. Kh1 Qxd4 31. Qe7+ Qg7 32. Qxg7+ Kxg7
33. Bxb7 Kf6 34. Kg2 Ke5 35. c5 Be4+ 36. Bxe4 Kxe4 37. cxd6 cxd6 38. Kf2 Kd3
39. a4 Kc4 40. Ke3 Kb4 41. Ke4 Kxa4 0-1

[Event "España ch sub-14 2009"]
[Site "Granada ESP"]
[Date "2009.07.10"]
[Round "6.2"]
[White "Anton Guijarro, David"]
[Black "Pardo Simon, David"]
[Result "1-0"]
[WhiteElo "2265"]
[BlackElo "2321"]
[PlyCount "83"]
[EventDate "2009.07.07"]
[EventType "swiss"]
[EventRounds "9"]
[EventCountry "ESP"]
[Source "lmi"]
[SourceDate "2009.07.07"]

1. d4 Nf6 2. Nf3 e6 3. c4 b6 4. e3 Bb7 5. Bd3 c5 6. O-O Be7 7. Nc3 cxd4 8. exd4
d5 9. cxd5 Nxd5 10. Ne5 O-O 11. Qg4 Nf6 12. Qh4 Nc6 13. Bg5 g6 14. Ba6 h6 15.
Bxh6 Nd5 16. Qh3 Bxa6 17. Nxc6 Qe8 18. Nxd5 exd5 19. Nxe7+ Qxe7 20. Bxf8 Rxf8
21. Rfe1 Qb4 22. Qc3 Qxc3 23. bxc3 Rc8 24. Re3 Bc4 25. f3 b5 26. h4 a5 27. a3
Kg7 28. Kf2 a4 29. g4 Kf6 30. Kg3 Bb3 31. Rh1 Bc2 32. Rh2 Bb3 33. h5 g5 34. h6
Kg6 35. h7 Rh8 36. Re7 Bc4 37. Rb7 Bd3 38. Rd7 Bc4 39. f4 gxf4+ 40. Kxf4 f6 41.
Rd6 Kg7 42. g5 1-0

[Event "España ch sub-14 2009"]
[Site "Granada ESP"]
[Date "2009.07.10"]
[Round "6.3"]
[White "Pintor Munoz, Antonio"]
[Black "Cruz Lledo, Pablo"]
[Result "1/2-1/2"]
[WhiteElo "2278"]
[BlackElo "2190"]
[PlyCount "36"]
[EventDate "2009.07.07"]
[EventType "swiss"]
[EventRounds "9"]
[EventCountry "ESP"]
[Source "lmi"]
[SourceDate "2009.07.07"]

1. d4 d5 2. c4 c6 3. Nc3 Nf6 4. Nf3 a6 5. a4 e6 6. g3 c5 7. cxd5 Nxd5 8. Bg2
Nxc3 9. bxc3 Nc6 10. O-O Be7 11. Rb1 O-O 12. Bf4 Ra7 13. Ne5 Nxe5 14. Bxe5 Qa5
15. dxc5 Bxc5 16. Bd6 Bxd6 17. Qxd6 b5 18. axb5 axb5 1/2-1/2

[Event "España ch sub-14 2009"]
[Site "Granada ESP"]
[Date "2009.07.10"]
[Round "6.4"]
[White "Sanchez Ibern, Marc"]
[Black "Ladron De Guevara Pinto, Paolo"]
[Result "1-0"]
[WhiteElo "2289"]
[BlackElo "2020"]
[PlyCount "83"]
[EventDate "2009.07.07"]
[EventType "swiss"]
[EventRounds "9"]
[EventCountry "ESP"]
[Source "lmi"]
[SourceDate "2009.07.07"]

1. e4 c5 2. Nf3 Nc6 3. Nc3 e5 4. Bc4 Be7 5. d3 Nf6 6. Nd2 O-O 7. Nf1 d6 8. Ne3
Be6 9. O-O Nd7 10. Ncd5 Bf6 11. c3 Rb8 12. a4 Re8 13. Bd2 Nf8 14. Qe2 Ng6 15.
g3 Bxd5 16. Nxd5 Bg5 17. Rfb1 Kh8 18. b4 Rf8 19. Be3 Bxe3 20. Nxe3 cxb4 21.
cxb4 Nd4 22. Qd1 Qd7 23. Nc2 Nxc2 24. Qxc2 Ne7 25. Qa2 Nc6 26. Bb5 a6 27. Bxc6
bxc6 28. Qc4 f5 29. Qxa6 f4 30. Qc4 Rf6 31. Qc1 Rh6 32. Qf1 f3 33. a5 Qg4 34.
a6 Rh3 35. a7 Ra8 36. Qc1 h6 37. Qxc6 Rxh2 38. Qxa8+ Kh7 39. Qc8 Rh1+ 40. Kxh1
Qxc8 41. Kh2 Qe8 42. Rh1 1-0

[Event "España ch sub-14 2009"]
[Site "Granada ESP"]
[Date "2009.07.10"]
[Round "6.5"]
[White "Tallo Dominguez, Imar"]
[Black "Escudero Manzano, Alejandro"]
[Result "1-0"]
[WhiteElo "2124"]
[BlackElo "1870"]
[PlyCount "65"]
[EventDate "2009.07.07"]
[EventType "swiss"]
[EventRounds "9"]
[EventCountry "ESP"]
[Source "lmi"]
[SourceDate "2009.07.07"]

1. e4 c5 2. Nf3 e6 3. d4 cxd4 4. Nxd4 a6 5. c4 Nf6 6. Nc3 Bb4 7. Qf3 Qc7 8. Nc2
Bxc3+ 9. Qxc3 Nc6 10. f3 O-O 11. Bg5 Ne8 12. Be2 d6 13. O-O Bd7 14. Kh1 Rc8 15.
Rac1 h6 16. Bh4 f5 17. exf5 exf5 18. Ne3 Be6 19. Nd5 Qf7 20. Qd2 Kh8 21. f4 Rg8
22. Bf3 Nc7 23. Nb6 Rce8 24. Qxd6 g5 25. fxg5 hxg5 26. Bg3 f4 27. Be1 Rg6 28.
Bh5 Bf5 29. Bxg6 Bxg6 30. Bc3+ Kg8 31. Nd7 Rd8 32. Nf6+ Kh8 33. Nd5+ 1-0

[Event "España ch sub-14 2009"]
[Site "Granada ESP"]
[Date "2009.07.10"]
[Round "6.6"]
[White "Fernandez Lledo, Javier"]
[Black "Ballester Llagaria, Luis Eduardo"]
[Result "1-0"]
[WhiteElo "1977"]
[BlackElo "2067"]
[PlyCount "63"]
[EventDate "2009.07.07"]
[EventType "swiss"]
[EventRounds "9"]
[EventCountry "ESP"]
[Source "lmi"]
[SourceDate "2009.07.07"]

1. e4 c5 2. Nf3 Nc6 3. d4 cxd4 4. Nxd4 d5 5. exd5 Qxd5 6. Be3 e6 7. Nc3 Bb4 8.
Qd2 Nf6 9. Nxd5 Bxd2+ 10. Bxd2 Nxd5 11. Nxc6 bxc6 12. c4 Nf6 13. Bc3 c5 14. f3
Bb7 15. O-O-O Rd8 16. Be2 Nd7 17. Ba5 Nb6 18. Rxd8+ Kxd8 19. b4 Kd7 20. Rd1+
Kc6 21. f4 cxb4 22. Bf3+ Kc5 23. Bxb7 Nxc4 24. Bc7 h5 25. Be5 a5 26. Ba6 Nxe5
27. fxe5 Rh6 28. Be2 Rg6 29. Bf3 Rg5 30. Re1 Kd4 31. Re4+ Kc3 32. Be2 1-0

[Event "España ch sub-14 2009"]
[Site "Granada ESP"]
[Date "2009.07.10"]
[Round "6.7"]
[White "Quintin Navarro, Alberto"]
[Black "Bals Hernandez, Jordi"]
[Result "1-0"]
[WhiteElo "2064"]
[BlackElo "1899"]
[PlyCount "77"]
[EventDate "2009.07.07"]
[EventType "swiss"]
[EventRounds "9"]
[EventCountry "ESP"]
[Source "lmi"]
[SourceDate "2009.07.07"]

1. Nf3 e6 2. c4 d5 3. b3 Nf6 4. Bb2 Bd6 5. d3 O-O 6. g3 c5 7. Bg2 Nc6 8. O-O
Re8 9. Nbd2 Bc7 10. a3 Rb8 11. Rc1 b6 12. b4 d4 13. b5 Ne7 14. Ne1 Nf5 15. Qa4
Re7 16. Qb3 Bb7 17. Rd1 h5 18. Bxb7 Rxb7 19. Ne4 Ng4 20. Ng2 h4 21. h3 Nf6 22.
g4 Nxe4 23. dxe4 Nh6 24. Bc1 f5 25. g5 Nf7 26. exf5 exf5 27. f4 Rxe2 28. Qf3
Rxg2+ 29. Kxg2 Nd6 30. Qd5+ Kh8 31. Rde1 Qd7 32. g6 Bb8 33. Qf3 Ne4 34. Qh5+
Kg8 35. Qh7+ Kf8 36. Qh8+ Ke7 37. Qxg7+ Kd8 38. Qh8+ Qe8 39. g7 1-0

[Event "España ch sub-14 2009"]
[Site "Granada ESP"]
[Date "2009.07.10"]
[Round "6.8"]
[White "Valero Gutierrez, Alvaro"]
[Black "Montoliu Cervero, Francisco"]
[Result "0-1"]
[WhiteElo "1803"]
[BlackElo "2063"]
[PlyCount "108"]
[EventDate "2009.07.07"]
[EventType "swiss"]
[EventRounds "9"]
[EventCountry "ESP"]
[Source "lmi"]
[SourceDate "2009.07.07"]

1. e4 c5 2. Nf3 d6 3. g3 Nf6 4. d3 g6 5. Bg2 Bg7 6. O-O O-O 7. Nbd2 Nc6 8. a4
Re8 9. c3 e5 10. Nc4 d5 11. exd5 Nxd5 12. Re1 Nb6 13. Ne3 Be6 14. h4 h6 15. Bf1
Qc7 16. Bd2 Rad8 17. Rb1 c4 18. dxc4 e4 19. Nh2 Ne5 20. b3 Nd3 21. Bxd3 Rxd3
22. Qe2 Red8 23. Red1 Nd7 24. Nd5 Bxd5 25. cxd5 Nc5 26. Bf4 Qd7 27. d6 Qe6 28.
a5 g5 29. hxg5 hxg5 30. Bxg5 R8xd6 31. b4 Na4 32. Rxd3 Rxd3 33. Re1 Nxc3 34.
Qxd3 exd3 35. Rxe6 fxe6 36. Nf3 Ne4 37. Kf1 Bc3 38. Be3 a6 39. Nd4 e5 40. Nb3
Bxb4 41. g4 Kf7 42. f3 Nc3 43. Bd2 Ke7 44. Ke1 Kd6 45. Nc1 Bxa5 46. Nxd3 Kd5
47. Nf2 b5 48. Ne4 b4 49. Nxc3+ bxc3 50. Be3 Kc4 51. Bg5 Kd3 52. Kd1 Bb4 53.
Ke1 c2+ 54. Kf2 Bd2 0-1

[Event "España ch sub-14 2009"]
[Site "Granada ESP"]
[Date "2009.07.10"]
[Round "6.9"]
[White "Rojano Alfonso, Carlos"]
[Black "Suarez Garcia, Carlos"]
[Result "1-0"]
[WhiteElo "1894"]
[BlackElo "2122"]
[PlyCount "115"]
[EventDate "2009.07.07"]
[EventType "swiss"]
[EventRounds "9"]
[EventCountry "ESP"]
[Source "lmi"]
[SourceDate "2009.07.07"]

1. e4 c5 2. Nf3 e6 3. d4 cxd4 4. Nxd4 Nf6 5. Bd3 a6 6. O-O d6 7. Kh1 Be7 8. f4
Qc7 9. Qe2 Nbd7 10. c4 b6 11. Nc3 Bb7 12. Bd2 O-O 13. Rae1 Rfd8 14. Nf3 Nc5 15.
Bb1 e5 16. Nd5 Bxd5 17. exd5 e4 18. Ng5 Re8 19. b4 Ncd7 20. Nxe4 Nxe4 21. Qxe4
Nf8 22. Qd3 Bf6 23. Bc2 Ng6 24. Bb3 Qd7 25. a4 h5 26. Bd1 h4 27. Qb3 Rab8 28.
Bc2 Nf8 29. Bc3 Bxc3 30. Qxc3 Qg4 31. Qf3 Qxf3 32. gxf3 Nd7 33. Kg2 Nf6 34. Kh3
Nh5 35. Kg4 g6 36. f5 Kg7 37. fxg6 fxg6 38. Kxh4 Kf6 39. Re4 Ng7 40. Kh3 Rh8+
41. Kg2 Rh6 42. Rf2 Rbh8 43. Kg1 Rh3 44. Bd3 R8h6 45. a5 bxa5 46. bxa5 g5 47.
c5 dxc5 48. Bxa6 R6h4 49. Bc8 Nf5 50. Re6+ Kf7 51. Re5 Nd4 52. Bxh3 Rxh3 53. d6
Nxf3+ 54. Kg2 g4 55. Rf5+ Ke6 56. R5xf3 Rxf3 57. Rxf3 gxf3+ 58. Kxf3 1-0

[Event "España ch sub-14 2009"]
[Site "Granada ESP"]
[Date "2009.07.10"]
[Round "6.10"]
[White "Aranaz Murillo, Amalia"]
[Black "Ruiz Font, Elisabet"]
[Result "1/2-1/2"]
[WhiteElo "2061"]
[BlackElo "1831"]
[PlyCount "76"]
[EventDate "2009.07.07"]
[EventType "swiss"]
[EventRounds "9"]
[EventCountry "ESP"]
[Source "lmi"]
[SourceDate "2009.07.07"]

1. Nf3 f5 2. c4 Nf6 3. g3 g6 4. b4 Bg7 5. Bb2 d6 6. d4 O-O 7. Bg2 c6 8. O-O Kh8
9. Nbd2 Be6 10. Rc1 Nbd7 11. Ne1 Bg8 12. Nd3 Qc7 13. e4 Nxe4 14. Nxe4 fxe4 15.
Bxe4 d5 16. cxd5 Nf6 17. Bg2 Bxd5 18. a3 Qd6 19. Qe2 Rae8 20. Ne5 Bxg2 21. Kxg2
Nd7 22. Rcd1 Qd5+ 23. f3 Rf5 24. Rde1 Nxe5 25. dxe5 Qd7 26. Rd1 Qc7 27. f4 Rff8
28. Rd3 Rd8 29. Rfd1 Rxd3 30. Qxd3 c5 31. Qd7 Qb6 32. Qxe7 Qc6+ 33. Kh3 Qf3 34.
Rd2 Rxf4 35. Rd8+ Rf8 36. Rxf8+ Qxf8 37. Qxc5 Qf1+ 38. Kh4 Qf5 1/2-1/2

[Event "España ch sub-14 2009"]
[Site "Granada ESP"]
[Date "2009.07.10"]
[Round "6.11"]
[White "Capote Robayna, Nathaniel"]
[Black "Gutierrez Valero, Mario"]
[Result "0-1"]
[WhiteElo "1839"]
[BlackElo "2024"]
[PlyCount "122"]
[EventDate "2009.07.07"]
[EventType "swiss"]
[EventRounds "9"]
[EventCountry "ESP"]
[Source "lmi"]
[SourceDate "2009.07.07"]

1. d4 Nf6 2. c4 g6 3. Nc3 Bg7 4. e4 d6 5. Nf3 O-O 6. Be2 e5 7. O-O Nc6 8. d5
Ne7 9. b4 Kh8 10. Nd2 Neg8 11. c5 Ne8 12. Nc4 f5 13. Ba3 Nh6 14. b5 b6 15. cxd6
cxd6 16. Bb4 f4 17. f3 g5 18. a4 Rg8 19. a5 Bf8 20. h3 Be7 21. axb6 g4 22. fxg4
Bh4 23. Na4 Nxg4 24. Bxg4 Rxg4 25. hxg4 Bg3 26. Rxf4 Bxf4 27. Qf3 Nf6 28. Nxd6
Qf8 29. Nxc8 Qxb4 30. Qc3 Qxc3 31. Nxc3 Rxc8 32. bxa7 Be3+ 33. Kf1 Ra8 34. Ra6
Nd7 35. Ke2 Bd4 36. Na4 Rxa7 37. Rd6 Kg8 38. b6 Rb7 39. Re6 Kf7 40. Rh6 Kg8 41.
Re6 Nxb6 42. Nxb6 Rxb6 43. d6 Kf7 44. Re7+ Kf6 45. Rxh7 Rxd6 46. Kf3 Kg6 47.
Rh5 Rb6 48. Rh3 Rb3+ 49. Ke2 Rb2+ 50. Kf3 Rf2+ 51. Kg3 Re2 52. Rh4 Bf2+ 53. Kf3
Bxh4 54. Kxe2 Kg5 55. Kf3 Be1 56. Ke2 Bg3 57. Kf3 Bf4 58. g3 Bc1 59. Kf2 Kxg4
60. Kg2 Be3 61. Kh2 Kf3 0-1